| 000 | 00416nam a2200157 a 4500 | ||
|---|---|---|---|
| 005 | 20140310183201.0 | ||
| 008 | 021217s19uu xx 00 eng d | ||
| 050 |
_aF 2223 _b.H293 1987 |
||
| 100 | _aHarper, Elaine. | ||
| 245 |
_aOrinoco Adventure. / _cElaine Harper. |
||
| 260 |
_aAustralia : _bSilhouette Books, _c1987. |
||
| 300 |
_a160 p. : _c18 cm. |
||
| 650 | _aFiction. | ||
| 942 |
_cBK _2lcc |
||
| 999 |
_c19870 _d19870 |
||